| 000 | 02278nam a2200433 i 4500 | ||
|---|---|---|---|
| 001 | ebr10814203 | ||
| 003 | CaPaEBR | ||
| 006 | m o d | ||
| 007 | cr cn||||||||| | ||
| 008 | 090801t20092009sz a ob 101 0 eng|d | ||
| 020 | _z9780878493524 (pbk.) | ||
| 020 | _z0878493522 (pbk.) | ||
| 020 | _a9783038133100 (e-book) | ||
| 040 |
_aCaPaEBR _beng _erda _epn _cCaPaEBR |
||
| 035 | _a(OCoLC)302415377 | ||
| 050 | 1 | 4 |
_aTP156.P3 _bI575 2008eb |
| 082 | 0 | 4 | _a620.43 |
| 111 | 2 |
_aInternational Forum on Powder Technology & Application, _jissuing body. |
|
| 245 | 1 | 0 |
_aPowder technology and application : _bselected, peer reviewed papers from International Forum on Powder Technology & Application, Tsinghua University Beijing, 1-2 April 2008 / _cedited by Guosheng Gai. |
| 264 | 1 |
_aStafa-Zurich, Switzerland ; _aEnfield, New Hampshire : _bTrans Tech Publications, _c[2009] |
|
| 264 | 4 | _c�2009 | |
| 300 |
_a1 online resource (236 pages) : _billustrations. |
||
| 336 |
_atext _2rdacontent |
||
| 337 |
_acomputer _2rdamedia |
||
| 338 |
_aonline resource _2rdacarrier |
||
| 490 | 1 |
_aAdvanced materials research, _x1022-6680 ; _vvolume 58 |
|
| 504 | _aIncludes bibliographical references and indexes. | ||
| 588 | _aDescription based on print version record. | ||
| 590 | _aElectronic reproduction. Palo Alto, Calif. : ebrary, 2013. Available via World Wide Web. Access may be limited to ebrary affiliated libraries. | ||
| 650 | 0 |
_aPowders _vCongresses. |
|
| 650 | 0 |
_aPowder metallurgy _vCongresses. |
|
| 650 | 0 |
_aNanoparticles _vCongresses. |
|
| 655 | 0 | _aElectronic books. | |
| 700 | 1 | _aGai, Guosheng. | |
| 776 | 0 | 8 |
_iPrint version: _aInternational Forum on Powder Technology & Application. _tPowder technology and application : selected, peer reviewed papers from International Forum on Powder Technology & Application, Tsinghua University Beijing, 1-2 April 2008. _dStafa-Zurich, Switzerland : Trans Tech Publications, [2009] _hviii, 234 pages ; 25 cm. _kAdvanced materials research ; v. 58 _x1022-6680 ; _z9780878493524 _w(OCoLC)ocn297797589 _w(DLC)10814203 |
| 797 | 2 | _aebrary. | |
| 830 | 0 |
_aAdvanced materials research ; _vv. 58. |
|
| 856 | 4 | 0 |
_uhttp://site.ebrary.com/lib/rucke/Doc?id=10814203 _zAn electronic book accessible through the World Wide Web; click to view |
| 999 |
_c80971 _d80971 |
||